| 000 | 00847nam a2200217 a 4500 | ||
|---|---|---|---|
| 001 | 000046227 | ||
| 005 | 20201002052724.0 | ||
| 008 | 150708s1973 gu 000 0 spa d | ||
| 040 |
_aDO-SdBNP _bspa _cBNPHU |
||
| 082 |
_a913.7281 _bES82p |
||
| 100 | 1 |
_aEstrada Monroy, Agustín. _964088 |
|
| 240 | 1 | 0 | _aPopol Vuh |
| 245 | 1 | 0 |
_aPopol vuh / _cAgustín Estrada Monroy ; versión actualizada, basada en los textos quiché, castellano y anotaciones al manuscrito de Fray Francisco Ximénes. |
| 260 |
_aGuatemala : _bEditorial José de Pineda Ibarra, _c1973. |
||
| 300 |
_a199 p. ; _c18 cm. |
||
| 490 | 1 | _aColección Jorge Ortega Torres. | |
| 650 | 4 |
_aLeyendas indígenas _zGuatemala _974261 |
|
| 650 | 4 |
_aQuiches _xReligión y mitología _948029 |
|
| 650 | 4 |
_aMitología indígena _zGuatemala _974262 |
|
| 830 | 0 |
_aColección Jorge Ortega Torres. _974263 |
|
| 999 |
_c45716 _d45716 |
||